000 00887nas a2200277 4500
001 BR2015006952
003 BR-BrBNA
005 20231205130012.0
007 ta
008 230509b bl.|||p| |||| 00| 00por d
040 _aBR-BrBNA
_bpor
_cBiblioteca Nacional de Agricultura
041 _a(En)
072 _aL70
100 1 _aLipps, B.V.
245 1 _aAnti-lethal factor from opossum serum is a potent antidote for animal, plant and bacterial toxins
650 _aCIENCIA ANIMAL
650 _aINTOXICACAO
650 _aVENENO
650 _aANALISE COMPARATIVA
650 _aNEUTRALIZACAO
650 _aREACAO QUIMICA
773 0 _tJournal of Venomous Animals and Toxins (Brazil)
_xISSN 1678-4936
_g(1999), v. 5(1) p. 56-66
_wBR2015006952
856 4 0 _uhttp://dx.doi.org/10.1590/S0104-79301999000100005
909 _a202311
_bLúcia
_c55
_dLúcia Elande
942 _2AGRIS
_n0
_cANA
999 _c247371
_d247371